Načítá se...

A treasury of Indian wisdom

Podrobná bibliografie
Médium: Printed Book
Vydáno: New Delhi Penguin Ananda 2010
LEADER 00425 a2200121 4500
020 |a 9780670084500 
082 |a 181.4 SIN/A 
245 |a A treasury of Indian wisdom  |c Edited by Karan Singh 
260 |a New Delhi  |b Penguin Ananda  |c 2010 
300 |a 210p. 
942 |c BK 
999 |c 256911  |d 256911 
952 |0 0  |1 0  |4 0  |6 181_400000000000000_SIN_A  |7 0  |9 286081  |a RUS  |b RUS  |c ST1  |d 2012-01-18  |g 0.00  |i 7842  |l 0  |o 181.4 SIN/A  |p RUS7842  |r 2014-02-14  |w 2014-02-14  |y BK